| 000 | 00352nam a22001457a 4500 | ||
|---|---|---|---|
| 003 | MACL | ||
| 005 | 20151031133311.0 | ||
| 008 | 151031b xxu||||| |||| 00| 0 eng d | ||
| 040 | _cMACL | ||
| 041 | _aEnglish | ||
| 100 |
_aFarheen Siddiqui _917258 |
||
| 245 | _aVision Madhya Pradesh | ||
| 260 |
_aBhopal _bArunodaya Prakashan _c2016 |
||
| 942 |
_2ddc _cBK |
||
| 999 |
_c50460 _d50460 |
||